El encuentro /

Carlos Trias, escritor español nacido en 1946. ALgunas de sus obras son: Santa Ava de Adis Abeba, El juego del lagarto, Hoy he decidido..., El círculo de luz.

Bewaard in:
Bibliografische gegevens
Hoofdauteur: Trías, Carlos (autor)
Formaat: Boek
Taal:Spaans
Reeks:(Andanzas ; 109)
Onderwerpen:
Tags: Voeg label toe
Geen labels, Wees de eerste die dit record labelt!

MARC

LEADER 00000nam^a2200000^a^4500
001 000039703
005 20250521000000.0
009 20260310085552.886
020 |a 84-7223-123-2 
037 |a Acervo ITESO - Biblioteca 
041 |a ESP 
082 |a 863.  |b TRI 
100 |a Trías, Carlos  |e (autor) 
245 1 3 |a El encuentro /  |c C. Trias. 
264 |a Barcelona, España :  |b Tusquets,  |c 1990 
300 |a 139 p. 
336 |a texto  |b txt  |2 rdacontenido 
337 |a sin mediación  |b n  |2 rdamedio 
338 |a volumen  |b nc  |2 rdasoporte 
440 1 |a (Andanzas ;  |v 109) 
520 |a Carlos Trias, escritor español nacido en 1946. ALgunas de sus obras son: Santa Ava de Adis Abeba, El juego del lagarto, Hoy he decidido..., El círculo de luz. 
649 |a XX 
650 |a Literatura Española -  |y Siglo XX 
650 |a Novela Española 
910 |a Fondo General 
920 |a Impresos - Libros 
930 |a Colección General 
940 |a Literatura 
905 |a 101 
901 |a 0397030100  |b IT1  |c LIT  |i 039703  |u 20250521 
902 |a https://opac.biblio.iteso.mx/vufind/Record/000039703